Design Principles of Ships and Marine Structures. / (Record no. 308)

000 -LEADER
fixed length control field 00467nam a2200157Ia 4500
008 - FIXED-LENGTH DATA ELEMENTS--GENERAL INFORMATION
fixed length control field 190805s9999||||xx |||||||||||||| ||und||
020 ## - INTERNATIONAL STANDARD BOOK NUMBER
International Standard Book Number 9781138096943
Terms of availability Rs. 2999.00
082 04 - DEWEY DECIMAL CLASSIFICATION NUMBER
Classification number 623.81
Item number M6911
100 1# - MAIN ENTRY--PERSONAL NAME
Personal name Misra, S. C.
245 10 - TITLE STATEMENT
Title Design Principles of Ships and Marine Structures. /
260 ## - PUBLICATION, DISTRIBUTION, ETC. (IMPRINT)
Place of publication, distribution, etc Boca Raton :
Name of publisher, distributor, etc CRC Press,
Date of publication, distribution, etc 2017
300 ## - PHYSICAL DESCRIPTION
Extent xxv, 474 p.
Other physical details :
Dimensions ; 25 cm.
650 #0 - SUBJECT ADDED ENTRY--TOPICAL TERM
Topical term or geographic name as entry element Naval architecture
852 ## - LOCATION/CALL NUMBER
Location
942 ## - ADDED ENTRY ELEMENTS (KOHA)
Item type Books
Holdings
Withdrawn status Lost status Damaged status Not for loan Collection code Permanent location Current location Shelving location Date acquired Source of acquisition Cost, normal purchase price Full call number Barcode Date last seen Koha item type Public note
        Engineering IMU Kochi Library IMU Kochi Library Reference 2017-10-30 Segment Book Distrubuters 2999.00 623.81 M6911 BK004720 2019-08-05 Books Shelf-5, Row-4
        Engineering IMU Kochi Library IMU Kochi Library Reference 2017-10-30 Segment Book Distrubuters 2999.00 623.81 M6911 BK004721 2019-08-05 Books Shelf-5, Row-4
        Engineering IMU Kochi Library IMU Kochi Library Reference 2017-10-30 Segment Book Distrubuters 2999.00 623.81 M6911 BK004719 2019-08-05 Books Shelf-5, Row-4


Copyright © All Rights Reserved by Indian Maritime University, Kochi Campus.
For any Suggestions/Query Contact to library or Email: library.kochi@imu.ac.in Ph:(0484)-2989402
(Web OPAC Designed by Rudra Ranjan. Maintained by IMU Kochi Library)

Powered by Koha